000 00584nam a2200205Ii 4500
001 6625
003 CO-ViMGA
008 241108s9999||||xx |||||||||||||| ||und||
040 _aCO-ViMGA
_bspa
_erda
_cCO-ViMGA
041 0 _aunk
084 _aN YAÑ2t
100 1 _aAgustín Yañez
_953267
245 1 0 _aLas tierras flacas
264 1 _a[Lugar de publicación no identificado] : Salvat, 1970
300 _avolumen
336 _atext
_btxt
_2rdacontent
337 _aunmediated
_bn
_2rdamedia
338 _avolume
_bnc
_2rdacarrier
940 _aidficha_siabuc: 6474. -- ficha_no_siabuc:6625
999 _c49841
_d49841